| 000 | 00571nam a22001937a 4500 | ||
|---|---|---|---|
| 003 | KOHA_MİRAKIL | ||
| 005 | 20251224142334.0 | ||
| 008 | 251224b tu ||||| |||| 00| 0 tur d | ||
| 020 | _a9786258352085 | ||
| 040 |
_aTR-AnABB _btur _cTR-AnABB |
||
| 041 | _atur | ||
| 082 |
_a069.5 _bOSM 2022 |
||
| 100 | 1 | _aOsman Sermed Muhtar Alus | |
| 245 | 1 | 0 |
_aMüze-i askeri-i Osmani züvvarına mahsus rehber / _cOsman Sermed Muhtar Alus |
| 260 |
_aAnkara : _bTÜBA, _c2022 |
||
| 300 |
_a389 sayfa ; _c25 cm |
||
| 650 | 0 | 4 | _aAskerlik sanatı ve bilimi |
| 942 |
_2ddc _cBK |
||
| 999 |
_c9928 _d9928 |
||
| 900 | _bGizem YORULMAZ | ||